| 000 | 00961cam a2200289 4500 | ||
|---|---|---|---|
| 008 | 090401t1993 xxu||||| |||| 00| 0 eng d | ||
| 020 | _a0566074028 | ||
| 035 | _a(Sirsi) u15708 | ||
| 041 | _aeng | ||
| 050 | _a658.562 | ||
| 100 | _aRothery, Brian | ||
| 245 | _aISO 9000 | ||
| 250 | _a2nd ed. | ||
| 260 |
_aAldershot, Hants. _bGower Press _c1993 |
||
| 300 | _aix,248p. ; 25cm. | ||
| 350 | _a35 | ||
| 520 | _aLooks at the ISO 9000 series of quality management standards and the necessary steps to be taken in implementing a quality management system within an organisation. Includes sample quality manuals and a pre-registration audit checklist. | ||
| 650 | _aINTERNATIONAL STANDARDS | ||
| 650 | _aISO 9000 | ||
| 650 | _aQUALITY ASSURANCE | ||
| 650 | _aQUALITY MANAGEMENT SYSTEMS | ||
| 650 | _aQUALITY MANUAL | ||
| 650 | _aSTANDARDS | ||
| 690 | _aMANAGEMENT-BUSINESS MANAGEMENT-PROFESSIONAL PRACTICE | ||
| 942 | _n0 | ||
| 948 | _c04/03/1997 | ||
| 999 |
_c87301 _d87301 |
||